Statistiche per Grandezze e Unità di misura - Quiz n°3

Clicka qui per fare il quiz!

Statistiche generali

  • Questo quiz è stato fatto 16 volte
  • Il punteggio medio è 6 su 10

Statistiche sulle risposte

HintRisposta% Corretto
MetroLunghezza
100%
CandelaIntensità luminosa
93%
HertzFrequenza
79%
SteradianteAngolo solido
71%
BarPressione
64%
FaradCapacità elettrica
57%
PascalPressione
50%
OhmResistenza
43%
KilowattoraEnergia
29%
DaltonMassa
29%

Distribuzione punteggi

Percentile per numero di risposta

Percentuale di utenti per punteggio

I tuoi punteggi nel tempo

Non hai fatto questo quiz